PETUA-PETUA AGAMA ISLAM untuk dapat menjadi orang yang bertaqwa kepada Allah jilid 1-lV
Saved in:
| Main Author: | |
|---|---|
| Other Authors: | |
| Format: | Book |
| Language: | Malay |
| Published: |
Kuala Lumpur
Victory Agencie
1997
|
| Subjects: | |
| Tags: |
Add Tag
No Tags, Be the first to tag this record!
|
| Call Number : | BP 161.2 .A3975 1997 |
MARC
| LEADER | 00000nam a2200000 c 4500 | ||
|---|---|---|---|
| 001 | 34275 | ||
| 003 | MY-KLNDU | ||
| 005 | 20241218090406.0 | ||
| 008 | 1997 my b 000 0 may d | ||
| 020 | |a 9838850195 | ||
| 020 | |a 9838850748 jilid 1 (hbk) | ||
| 035 | |a 0000022892 | ||
| 039 | 9 | |a 202405201122 |b hainim |c 202403221000 |d dewi |c 202403221000 |d dewi |y 200910091553 |z VLOAD | |
| 040 | |a MY-KlNDU |b eng |c MY-KlNDU |e rda | ||
| 050 | 0 | 0 | |a BP 161.2 |b .A3975 1997 |
| 090 | |a BP 161.2 |b .A3975 1997 | ||
| 100 | 1 | |a Al Haddad Abd Allah ibn Alawi |e author | |
| 245 | 1 | 0 | |a PETUA-PETUA AGAMA ISLAM untuk dapat menjadi orang yang bertaqwa kepada Allah jilid 1-lV |c Syekh Ai-Imam Abdulloh Ba'Alawi Al-Haddad |f terjemah oleh H.Moh Abdai Rathomy |
| 264 | 1 | |a Kuala Lumpur |b Victory Agencie |c 1997 | |
| 264 | 4 | |a © 1997 | |
| 300 | |a 1310 pages |b illustration |c 21cm | ||
| 336 | |a text |2 rdacontent | ||
| 337 | |a unmediated |2 rdamedia | ||
| 338 | |a volume |2 rdacarrier | ||
| 650 | 0 | |a Islam | |
| 650 | 0 | |a Islam |x Doctrines | |
| 700 | 1 | |a Rathomy |h Moh.Abdai | |
| 999 | |a vtls000024269 |c 34275 |d 34275 | ||


